Southville International School and Colleges
Your cart is empty.
  • Cart
  • Lists
    Public lists Eva Luna New books Lux_list list_1
    Your lists Log in to create your own lists
  • Log in to your account
  • Your cookies
  • Search history
Southville International School and Colleges
  • Advanced search
  • Recent comments
  • Most popular
  • Libraries

Log in to your account

Log in with GOOGLE


If you do not have an external account, but do have a local account, you can still log in:

  1. Home
  2. MARC view: 100 classic napkin folds :
Normal view MARC view ISBD view

100 classic napkin folds : (Record no. 358054)

[ view plain ]
MARC details
000 -LEADER
fixed length control field 00743nam a2200253Ia 4500
008 - FIXED-LENGTH DATA ELEMENTS--GENERAL INFORMATION
fixed length control field 180620s9999 xx 000 0 und d
020 ## - INTERNATIONAL STANDARD BOOK NUMBER
International Standard Book Number 978-1-84476-361-0
050 ## - LIBRARY OF CONGRESS CALL NUMBER
Classification number REF TX 879
050 ## - LIBRARY OF CONGRESS CALL NUMBER
Item number .B44 2007
100 ## - MAIN ENTRY--PERSONAL NAME
Personal name Beech, Rick.
245 #0 - TITLE STATEMENT
Title 100 classic napkin folds :
245 #0 - TITLE STATEMENT
Remainder of title simple and stylish designs for every occasion : over 700 step-by-step photogprahs show you how to make stunning folds to a professional level /
245 #0 - TITLE STATEMENT
Statement of responsibility, etc Rick Beech.
260 ## - PUBLICATION, DISTRIBUTION, ETC. (IMPRINT)
Place of publication, distribution, etc London :
260 ## - PUBLICATION, DISTRIBUTION, ETC. (IMPRINT)
Name of publisher, distributor, etc Southwater,
260 ## - PUBLICATION, DISTRIBUTION, ETC. (IMPRINT)
Date of publication, distribution, etc 2007
300 ## - PHYSICAL DESCRIPTION
Extent 160 pages :
300 ## - PHYSICAL DESCRIPTION
Other physical details colored illustrations ;
300 ## - PHYSICAL DESCRIPTION
Dimensions 30 cm.
500 ## - GENERAL NOTE
General note Includes index.
650 ## - SUBJECT ADDED ENTRY--TOPICAL TERM
Topical term or geographic name as entry element Napkin folding.
650 ## - SUBJECT ADDED ENTRY--TOPICAL TERM
Topical term or geographic name as entry element Textile crafts.
650 ## - SUBJECT ADDED ENTRY--TOPICAL TERM
General subdivision Napkins.
Holdings
Withdrawn status Lost status Damaged status Home library Current library Shelving location Date acquired Cost, normal purchase price Total Checkouts Full call number Barcode Date last seen Price effective from Koha item type
      South Mansfield College South Mansfield College Reference Section 05/20/2008 675.00   REF TX 879 .B44 2007 SMC05124 06/20/2018 06/20/2018  

100 classic napkin folds :

APA

Beech R., .100 classic napkin folds. London: .

Chicago

Beech Rick, .100 classic napkin folds. London: .

Harvard

Beech R., .100 classic napkin folds. London: .

MLA

Beech Rick, .London: . .

  • Place hold
  • Print
  • Cite
  • Add to your cart (remove)
  • Save record
    BIBTEX Dublin Core MARCXML MARC (non-Unicode/MARC-8) MARC (Unicode/UTF-8) MARC (Unicode/UTF-8, Standard) MODS (XML) RIS
  • More searches
    Search for this title in:
    Other Libraries (WorldCat) Other Databases (Google Scholar) Online Stores (Bookfinder.com) Open Library (openlibrary.org)

Exporting to Dublin Core...

SOUTHVILLE LIBRARY

Southville International School and Colleges Library

1281 Tropical Ave. Cor. Luxembourg St., BF Homes International, Las Pinas City

Tel. No. 8256374 / 252358 Loc. 117/146

Powered by Koha